[Event "Olimpiade 2022 - Open"]
[Site "Chennai"]
[Date "06.08.2022"]
[Round "8.30"]
[Board "4"]
[White "Al Harazy, Khalid"]
[Black "Kurniawan, Muhamad Agus"]
[Result "0-1"]
[BlackTitle "FM"]
[WhiteElo "2149"]
[BlackElo "2328"]
[WhiteTeam "Yemen"]
[BlackTeam "Indonesia"]
[WhiteFideId "9400141"]
[BlackFideId "7103735"]
[EventDate "2022.07.29"]

1. e4 d5 2. exd5 Nf6 3. d4 Nxd5 4. Nf3 Bg4 5. Be2 e6 6. O-O Nc6 7. c4 Nb6 8. Be3
Be7 9. Nc3 O-O 10. d5 exd5 11. Bxb6 axb6 12. Nxd5 Bf6 13. Qd2 Bxf3 14. Bxf3 Be5
15. Be4 Re8 16. g3 Nd4 17. Rad1 Rxa2 18. Nc3 Ra8 19. Bxb7 Rb8 20. Bg2 g6 21.
Rfe1 Bg7 22. Rxe8+ Qxe8 23. Re1 Qd8 24. Qf4 Ne6 25. Qc1 Bxc3 26. Qxc3 Qd4 27.
Qxd4 Nxd4 28. Re7 b5 29. Rxc7 bxc4 30. Rxc4 Nf5 31. Rc2 Rb4 32. Bd5 Rd4 33. Bc4
g5 34. h3 h5 35. b3 h4 36. Kg2 hxg3 37. fxg3 Ne3+ 0-1

[Event "Olimpiade 2022 - Open"]
[Site "Chennai"]
[Date "06.08.2022"]
[Round "8.31"]
[Board "1"]
[White "Delgado Ramirez, Neuris"]
[Black "Cu Hor, Winston Darwin"]
[Result "1-0"]
[WhiteTitle "GM"]
[BlackTitle "FM"]
[WhiteElo "2614"]
[BlackElo "2328"]
[WhiteTeam "Paraguay"]
[BlackTeam "Guatemala"]
[WhiteFideId "3503631"]
[BlackFideId "7300662"]
[EventDate "2022.07.29"]

1. e4 c5 2. Nf3 d6 3. d4 Nf6 4. Nc3 cxd4 5. Nxd4 a6 6. Be2 e5 7. Nb3 Be7 8. Be3
O-O 9. g4 Be6 10. g5 Nfd7 11. h4 a5 12. f4 exf4 13. Bxf4 Ne5 14. Qd2 Nbc6 15.
O-O-O a4 16. Nd4 Nxd4 17. Qxd4 Qa5 18. a3 Rfc8 19. Kb1 Nc4 20. Nd5 Bxd5 21. exd5
Qb5 22. Ka2 Bf8 23. h5 g6 24. hxg6 Bg7 25. gxf7+ Kf8 26. Bxc4 Rxc4 27. Bxd6+
Kxf7 28. Qf2+ Kg8 29. Bb4 Rxb4 30. axb4 Qc4+ 31. Kb1 a3 32. Qe1 a2+ 33. Ka1 Qxc2
34. Qe6+ Kh8 35. Rxh7+ Qxh7 36. Qe2 Rd8 37. d6 Qg6 38. d7 Kg8 39. Qe7 Bxb2+ 40.
Kxb2 Qg7+ 41. Qxg7+ Kxg7 42. Kxa2 1-0

[Event "Olimpiade 2022 - Open"]
[Site "Chennai"]
[Date "06.08.2022"]
[Round "8.31"]
[Board "2"]
[White "Juarez Flores, Carlos A."]
[Black "Cubas, Jose Fernando"]
[Result "0-1"]
[WhiteTitle "IM"]
[BlackTitle "GM"]
[WhiteElo "2335"]
[BlackElo "2451"]
[WhiteTeam "Guatemala"]
[BlackTeam "Paraguay"]
[WhiteFideId "7300018"]
[BlackFideId "3700267"]
[EventDate "2022.07.29"]

1. e4 c5 2. Nf3 d6 3. d4 cxd4 4. Nxd4 Nf6 5. f3 e5 6. Nb3 d5 7. Bg5 Be6 8. exd5
Qxd5 9. Nc3 Bb4 10. Bxf6 Qxd1+ 11. Rxd1 gxf6 12. Bb5+ Ke7 13. O-O Bxc3 14. bxc3
Rc8 15. f4 Rxc3 16. Rde1 Nd7 17. Bxd7 Kxd7 18. fxe5 fxe5 19. Rxe5 Rxc2 20. Nd4
Rxa2 21. Nxe6 fxe6 22. Rf7+ Kd6 23. Re1 b5 24. Rxh7 b4 25. Rd1+ Kc6 26. Re7 a5
27. Rxe6+ Kb5 28. Re5+ Ka4 29. g4 Rc8 30. g5 Rcc2 31. h4 Rg2+ 32. Kf1 Rh2 33.
Kg1 Rxh4 34. Rdd5 Rc4 35. Rxa5+ Kb3 36. Rxa2 Kxa2 37. Kf2 b3 38. Ra5+ Kb1 39.
Kf3 b2 40. g6 Kc1 41. Rg5 b1=Q 42. Rg1+ Kb2 43. Rxb1+ Kxb1 44. g7 Rc8 0-1

[Event "Olimpiade 2022 - Open"]
[Site "Chennai"]
[Date "06.08.2022"]
[Round "8.31"]
[Board "3"]
[White "Zacarias, M Ruben D"]
[Black "Galvez Dastin, Eduardo"]
[Result "1-0"]
[WhiteTitle "FM"]
[BlackTitle "FM"]
[WhiteElo "2175"]
[BlackElo "2152"]
[WhiteTeam "Paraguay"]
[BlackTeam "Guatemala"]
[WhiteFideId "3700755"]
[BlackFideId "7300310"]
[EventDate "2022.07.29"]

1. e4 c6 2. d4 d5 3. e5 Bf5 4. h4 c5 5. dxc5 Nc6 6. Bb5 Qc7 7. Qxd5 e6 8. Qd4
Rd8 9. Qc3 Ne7 10. b4 Nd5 11. Qb2 Nxb4 12. Qxb4 Qxe5+ 13. Ne2 Bxc2 14. Nc3 Bxc5
15. Qf4 O-O 16. Bxc6 Qxf4 17. Bxf4 bxc6 18. O-O Ba3 19. Bc1 Bb4 20. Be3 e5 21.
a3 Be7 22. Rfc1 Bd3 23. g3 Rb8 24. Rd1 Rfd8 25. Rd2 Bc4 26. Rxd8+ Rxd8 27. f3
Bxe2 28. Nxe2 Rd3 29. Kf2 Rxa3 30. Rb1 Ra5 31. Rb7 Bf8 32. g4 g6 33. Ng3 Rb5 34.
Rxa7 Rb2+ 35. Ne2 h5 36. g5 Kg7 37. Rc7 Rc2 38. Kf1 Bd6 39. Rd7 Bf8 40. Ng3 Rc3
41. Ke2 Rc2+ 42. Kd3 Rh2 43. Bd2 Rxh4 44. Bc3 Rh3 45. Bxe5+ Kg8 46. Ke2 Bg7 47.
Rd8+ Kh7 48. Bxg7 Kxg7 49. Ne4 Rh2+ 50. Kf1 1-0

[Event "Olimpiade 2022 - Open"]
[Site "Chennai"]
[Date "06.08.2022"]
[Round "8.32"]
[Board "1"]
[White "Meier, Georg"]
[Black "Sanchez Alvarez, Roberto Carlos"]
[Result "1/2-1/2"]
[WhiteTitle "GM"]
[BlackTitle "IM"]
[WhiteElo "2613"]
[BlackElo "2431"]
[WhiteTeam "Uruguay"]
[BlackTeam "Panama"]
[WhiteFideId "4675789"]
[BlackFideId "3508684"]
[EventDate "2022.07.29"]

1. Nf3 Nf6 2. g3 c5 3. Bg2 Nc6 4. c4 d5 5. cxd5 Nxd5 6. Nc3 Nxc3 7. dxc3 Qxd1+
8. Kxd1 Bd7 9. Be3 e5 10. Kc2 Bf5+ 11. Kc1 Be4 12. Rd1 Be7 13. Bh3 Rd8 14. Nd2
Bg6 15. Bg2 Nd4 16. Bxd4 cxd4 17. Nc4 Rc8 18. Nxe5 dxc3 19. e4 Bf6 20. Rd5 O-O
21. f4 Rfe8 22. Kc2 Bxe5 23. Rxe5 Rxe5 24. fxe5 cxb2+ 25. Kxb2 Kf8 26. Rd1 Ke8
27. Bf3 Rc5 28. Rd5 Rc4 29. Be2 Rc7 30. Bd3 h5 31. a4 Ke7 32. a5 b6 33. axb6
axb6 34. Rb5 Rc6 35. Kb3 Rc5 36. Rxb6 Rxe5 37. Kc3 h4 38. Kd4 f6 39. gxh4 Rh5
40. Rb7+ Kf8 41. Rb8+ Ke7 42. Rg8 Rh7 43. h5 Bf7 44. Ra8 Rxh5 1/2-1/2

[Event "Olimpiade 2022 - Open"]
[Site "Chennai"]
[Date "06.08.2022"]
[Round "8.32"]
[Board "2"]
[White "Tapia Ostolaza, Alexei"]
[Black "Diaz Hollemaert, Nahuel"]
[Result "0-1"]
[WhiteTitle "FM"]
[BlackTitle "IM"]
[WhiteElo "2201"]
[BlackElo "2425"]
[WhiteTeam "Panama"]
[BlackTeam "Uruguay"]
[WhiteFideId "6600581"]
[BlackFideId "104019"]
[EventDate "2022.07.29"]

1. Nf3 c5 2. g3 g6 3. Bg2 Bg7 4. O-O Nc6 5. e4 d6 6. h3 e5 7. d3 Nge7 8. Be3 h6
9. c3 O-O 10. Qd2 Kh7 11. d4 exd4 12. cxd4 d5 13. dxc5 dxe4 14. Nh2 Qxd2 15.
Nxd2 f5 16. Nc4 Be6 17. Rfc1 Nb4 18. Bf1 Ned5 19. a3 Nd3 20. Bxd3 exd3 21. Bd2
Rac8 22. Re1 Bg8 23. Ne5 Nf6 24. Nhf3 Ne4 25. Be3 Rfd8 26. Rad1 Bxe5 27. Nxe5 d2
28. Re2 Bb3 29. Rdxd2 Nxd2 30. Bxd2 Bd1 0-1

[Event "Olimpiade 2022 - Open"]
[Site "Chennai"]
[Date "06.08.2022"]
[Round "8.33"]
[Board "1"]
[White "Galego, Luis"]
[Black "Abdulwahhab, Ahmed Abdulsattar A"]
[Result "1-0"]
[WhiteTitle "GM"]
[BlackTitle "FM"]
[WhiteElo "2462"]
[BlackElo "2251"]
[WhiteTeam "Portugal"]
[BlackTeam "Iraq"]
[WhiteFideId "1900072"]
[BlackFideId "4801849"]
[EventDate "2022.07.29"]

1. e4 c5 2. Nf3 e6 3. Nc3 a6 4. g3 Nc6 5. Bg2 Qc7 6. O-O d6 7. d3 Nf6 8. Ng5 Be7
9. f4 O-O 10. g4 Bd7 11. Nh3 Nd4 12. g5 Ne8 13. Ne2 Nxe2+ 14. Qxe2 c4 15. f5
cxd3 16. cxd3 d5 17. f6 Bc5+ 18. Kh1 dxe4 19. fxg7 Nxg7 20. Bxe4 Bc6 21. Bf4 e5
22. Bg3 Bd4 23. Nf2 Ne6 24. Qh5 f5 25. gxf6 Rxf6 26. Ng4 Rxf1+ 27. Rxf1 Bxe4+
28. dxe4 Rf8 29. Nh6+ Kh8 30. Nf7+ Rxf7 31. Qxf7 Qc6 32. Qf5 Qd6 33. Qf6+ Kg8
34. Bxe5 1-0

[Event "Olimpiade 2022 - Open"]
[Site "Chennai"]
[Date "06.08.2022"]
[Round "8.33"]
[Board "2"]
[White "Salih, Akar Ali Salih"]
[Black "Sousa, Andre Ventura"]
[Result "0-1"]
[WhiteTitle "FM"]
[BlackTitle "IM"]
[WhiteElo "2243"]
[BlackElo "2420"]
[WhiteTeam "Iraq"]
[BlackTeam "Portugal"]
[WhiteFideId "4800575"]
[BlackFideId "1917617"]
[EventDate "2022.07.29"]

1. e4 c6 2. Nc3 d5 3. Nf3 Bg4 4. h3 Bxf3 5. Qxf3 e6 6. Be2 Bc5 7. O-O Nd7 8.
exd5 exd5 9. Rd1 Ne7 10. d4 Bb6 11. Bg5 O-O 12. Bd3 f6 13. Be3 Rf7 14. Ne2 Nf8
15. c3 Qd7 16. h4 Re8 17. Re1 Nc8 18. Ng3 g6 19. Bd2 Nd6 20. Rxe8 Qxe8 21. Re1
Qd8 22. Qe2 Bc7 23. Nf1 f5 24. Bg5 Qd7 25. f3 Bd8 26. Qe3 Bxg5 27. Qxg5 Ne6 28.
Qe3 Ng7 29. Qg5 Nde8 30. Re5 Nc7 31. Ng3 Nce6 32. Qh6 Qd8 33. Ne2 f4 34. Kf1 Rf6
35. Ng1 Qb6 36. Re2 Nh5 37. Kf2 c5 38. Nh3 cxd4 39. Ng5 dxc3+ 0-1

[Event "Olimpiade 2022 - Open"]
[Site "Chennai"]
[Date "06.08.2022"]
[Round "8.33"]
[Board "3"]
[White "Veiga, Jose Francisco R P Neves"]
[Black "Ahmed, Ali Layth Ahmed"]
[Result "1-0"]
[WhiteTitle "IM"]
[BlackTitle "FM"]
[WhiteElo "2378"]
[BlackElo "2249"]
[WhiteTeam "Portugal"]
[BlackTeam "Iraq"]
[WhiteFideId "1930087"]
[BlackFideId "4801920"]
[EventDate "2022.07.29"]

1. e4 c6 2. Nc3 d5 3. d4 dxe4 4. Nxe4 Nf6 5. Nxf6+ exf6 6. Be3 Bd6 7. Bd3 O-O 8.
Ne2 Re8 9. O-O Qc7 10. h3 Be6 11. c4 Qd7 12. Qc2 g6 13. Rfe1 Na6 14. a3 Nc7 15.
Nf4 Bxf4 16. Bxf4 Re7 17. Rad1 Rc8 18. Qc3 Ne8 19. Qb4 Qd8 20. Be4 a5 21. Qc3
Rd7 22. g4 Nd6 23. Bf3 b5 24. b3 Ne8 25. a4 bxc4 26. bxc4 Nd6 27. Bg2 Ne8 28.
Qd3 Nc7 29. Bxc6 Bxc4 30. Qxc4 Nd5 31. Bg3 Ne7 32. Rxe7 Qxe7 33. d5 Rdd8 34. d6
Qa7 35. Qd5 Qb6 36. Bb5 Rc3 37. Qd4 Qc5 38. Qxc5 Rxc5 39. d7 1-0

[Event "Olimpiade 2022 - Open"]
[Site "Chennai"]
[Date "06.08.2022"]
[Round "8.33"]
[Board "4"]
[White "Mohammed, Zozek Salah Mohammed"]
[Black "Santos, Jose Guilherme B Lima"]
[Result "0-1"]
[WhiteTitle "FM"]
[BlackTitle "FM"]
[WhiteElo "2232"]
[BlackElo "2361"]
[WhiteTeam "Iraq"]
[BlackTeam "Portugal"]
[WhiteFideId "4803361"]
[BlackFideId "1939300"]
[EventDate "2022.07.29"]

1. d4 Nf6 2. c4 g6 3. Nf3 Bg7 4. g3 c5 5. Bg2 O-O 6. O-O cxd4 7. Nxd4 Nc6 8. Nc3
Nxd4 9. Qxd4 d6 10. b3 Be6 11. Qd2 Rb8 12. Bb2 Qa5 13. Rfd1 Rfc8 14. Nd5 Qxd2
15. Rxd2 Nxd5 16. Bxg7 Kxg7 17. Bxd5 b5 18. Bxe6 fxe6 19. cxb5 Rxb5 20. Rad1 Kf6
21. Kf1 g5 22. h3 Ra5 23. e3 Rc3 24. Ke2 h5 25. Rb2 Kf5 26. Rd4 Rc1 27. Rd1 Rac5
28. Rbd2 e5 29. Rxc1 Rxc1 30. Rd1 Rc2+ 31. Rd2 Rc3 32. Rd3 Rc5 33. Rd2 g4 34.
hxg4+ hxg4 35. Rb2 Ke4 36. a4 Rc3 37. Kd2 Rd3+ 38. Kc2 d5 39. Rb1 d4 40. exd4
Kxd4 41. a5 e4 42. Re1 e5 43. Re2 Rc3+ 44. Kb2 e3 45. fxe3+ Rxe3 46. Rc2 Rxg3
47. Rc7 Rg2+ 48. Ka3 a6 49. Rc6 e4 50. Rxa6 Rg1 51. Ra8 g3 52. Rd8+ Kc5 53. b4+
Kc6 54. Rd2 g2 55. Ra2 Kb5 56. a6 Kxa6 57. Ka4 Kb6 58. b5 e3 59. Ka3 e2 0-1

[Event "Olimpiade 2022 - Open"]
[Site "Chennai"]
[Date "06.08.2022"]
[Round "8.34"]
[Board "1"]
[White "Khusenkhojaev, Muhammad"]
[Black "Tin, Jingyao"]
[Result "0-1"]
[WhiteTitle "IM"]
[BlackTitle "IM"]
[WhiteElo "2397"]
[BlackElo "2552"]
[WhiteTeam "Tajikistan"]
[BlackTeam "Singapore"]
[WhiteFideId "14700247"]
[BlackFideId "5804418"]
[EventDate "2022.07.29"]

1. d4 d5 2. c4 c6 3. Nf3 Nf6 4. Qc2 dxc4 5. Qxc4 Bf5 6. Nc3 e6 7. g3 Nbd7 8. Bg2
Be7 9. O-O O-O 10. e3 b5 11. Qe2 b4 12. Nb1 Bg6 13. b3 Rc8 14. Bb2 c5 15. Nbd2
cxd4 16. Nxd4 Ne5 17. Rfd1 Bd3 18. Qe1 Qb6 19. N2f3 Nxf3+ 20. Bxf3 Be4 21. a4
bxa3 22. Bxa3 Bxa3 23. Rxa3 e5 24. Bxe4 Nxe4 25. Nf3 Rc2 26. Nd2 Qd6 27. Nc4 Qe7
28. Rc1 Rxf2 29. Qa5 Qf6 30. Nxe5 Rxh2 31. Ng4 Qb2 0-1

[Event "Olimpiade 2022 - Open"]
[Site "Chennai"]
[Date "06.08.2022"]
[Round "8.34"]
[Board "2"]
[White "Goh, Wei Ming Kevin"]
[Black "Karimov, Alisher"]
[Result "1-0"]
[WhiteTitle "GM"]
[BlackTitle "FM"]
[WhiteElo "2453"]
[BlackElo "2234"]
[WhiteTeam "Singapore"]
[BlackTeam "Tajikistan"]
[WhiteFideId "5800706"]
[BlackFideId "14700280"]
[EventDate "2022.07.29"]

1. e4 e5 2. Nf3 Nc6 3. Bc4 Nf6 4. d3 Bc5 5. O-O O-O 6. c3 d5 7. exd5 Nxd5 8. Re1
Bg4 9. h3 Bh5 10. Nbd2 a6 11. Ne4 Ba7 12. Ng3 Bg6 13. Nxe5 Nxe5 14. Rxe5 Nb6 15.
Qf3 Nxc4 16. dxc4 Qd3 17. Qxd3 Bxd3 18. b3 a5 19. Rd5 Rfd8 20. Rxd8+ Rxd8 21.
Bf4 Bc2 22. Rc1 Bg6 23. Nf1 c6 24. a3 b5 25. cxb5 cxb5 26. Be3 Bb8 27. Bb6 Re8
28. Bxa5 Bf4 29. Rd1 Bc2 30. Rd4 Bc1 31. a4 bxa4 32. bxa4 h6 33. c4 Bxa4 34. c5
Bc6 35. Ng3 Re5 36. Bb4 Kh7 37. h4 Rd5 38. Rxd5 Bxd5 39. Nf5 Be6 40. Nd4 Bc8 41.
c6 Kg6 42. Nb5 Ba6 43. c7 Kh5 44. g3 f5 45. Nd6 f4 46. c8=Q Bxc8 47. Nxc8 Kg4
48. Kg2 fxg3 49. fxg3 g5 50. hxg5 Bxg5 51. Be7 Bd2 52. Nd6 Bb4 53. Nf5 Bd2 54.
Nd4 Be3 55. Nf3 Kf5 56. Bb4 h5 57. Bd2 Bc5 58. Kh3 Be7 59. Bf4 Bf6 60. Bb8 Bd8
61. Nd4+ Kf6 62. Be5+ Kg6 63. Ne6 Be7 64. Bc7 Bf6 65. Bd8 Be5 66. Nf4+ Kh6 67.
Kh4 1-0

[Event "Olimpiade 2022 - Open"]
[Site "Chennai"]
[Date "06.08.2022"]
[Round "8.35"]
[Board "1"]
[White "Lee, Jun Hyeok"]
[Black "Hernandez Guerrero, Gilberto"]
[Result "0-1"]
[WhiteTitle "IM"]
[BlackTitle "GM"]
[WhiteElo "2390"]
[BlackElo "2560"]
[WhiteTeam "South Korea"]
[BlackTeam "Mexico"]
[WhiteFideId "13202340"]
[BlackFideId "5100011"]
[EventDate "2022.07.29"]

1. d4 Nf6 2. c4 e6 3. Nc3 Bb4 4. e3 b6 5. Bd3 Bb7 6. Nf3 Ne4 7. O-O Bxc3 8. bxc3
f5 9. Nd2 Nf6 10. Ba3 d6 11. Qc2 Nbd7 12. e4 g6 13. c5 dxc5 14. exf5 exf5 15.
Rfe1+ Kf7 16. Bc4+ Kg7 17. Nb3 Re8 18. dxc5 Be4 19. Qb2 Ne5 20. Bf1 Nfg4 21. c4
Kg8 22. h3 Qh4 23. Rad1 Rad8 24. cxb6 Rxd1 25. Rxd1 axb6 26. c5 b5 27. Qd2 Qxh3
28. Qf4 Qh5 29. Bxb5 Nxf2 30. Kxf2 Qxd1 31. Be2 Nd3+ 32. Bxd3 Bxd3 0-1

[Event "Olimpiade 2022 - Open"]
[Site "Chennai"]
[Date "06.08.2022"]
[Round "8.35"]
[Board "2"]
[White "Ibarra Chami, Luis Fernando"]
[Black "Kwon, Sehyun"]
[Result "1/2-1/2"]
[WhiteTitle "GM"]
[BlackTitle "CM"]
[WhiteElo "2452"]
[BlackElo "2225"]
[WhiteTeam "Mexico"]
[BlackTeam "South Korea"]
[WhiteFideId "5105048"]
[BlackFideId "13203088"]
[EventDate "2022.07.29"]

1. e4 e5 2. Nf3 Nc6 3. Bb5 a6 4. Ba4 Nf6 5. d3 d6 6. a3 g6 7. Nc3 Bg7 8. d4 exd4
9. Nxd4 Bd7 10. Nxc6 bxc6 11. O-O O-O 12. Bg5 Re8 13. Re1 Qb8 14. Rb1 h6 15. Bh4
Qb7 16. f4 Qb6+ 17. Kh1 Ng4 18. Qf3 Qa5 19. Bb3 Qh5 20. Bg3 Nf6 21. Qd3 Qc5 22.
Qd2 Rad8 23. Bf2 Qh5 24. Bd4 Ng4 25. h3 Nf6 26. Qd3 g5 27. fxg5 hxg5 28. Rf1 Qg6
29. Bxf6 Bxf6 30. e5 Qxd3 31. cxd3 Bxe5 32. Bxf7+ Kg7 33. Bxe8 Rxe8 34. Ne4 g4
35. Nf2 Rh8 36. b4 gxh3 37. Nxh3 Bxh3 38. gxh3 Rxh3+ 39. Kg2 Rg3+ 40. Kf2 Rxd3
41. Rfc1 Rxa3 42. Rxc6 Bd4+ 43. Ke2 Bb6 44. Rf1 Rg3 45. Rc4 a5 46. b5 Rg5 47.
Rcf4 Rxb5 1/2-1/2

[Event "Olimpiade 2022 - Open"]
[Site "Chennai"]
[Date "06.08.2022"]
[Round "8.36"]
[Board "1"]
[White "Petkov, Momchil"]
[Black "Wanyama, Harold"]
[Result "1/2-1/2"]
[WhiteTitle "IM"]
[BlackTitle "FM"]
[WhiteElo "2510"]
[BlackElo "2242"]
[WhiteTeam "Bulgaria"]
[BlackTeam "Uganda"]
[WhiteFideId "2921642"]
[BlackFideId "10000380"]
[EventDate "2022.07.29"]

1. e4 c6 2. Nc3 d5 3. Nf3 Bg4 4. Be2 Nf6 5. h3 Bxf3 6. Bxf3 dxe4 7. Nxe4 Nxe4 8.
Bxe4 Nd7 9. O-O g6 10. d4 Bg7 11. a4 a5 12. c3 O-O 13. g3 Nf6 14. Bg2 Nd5 15.
Qb3 b6 16. Bd2 Qd6 17. Rad1 Rac8 18. Rfe1 e6 19. h4 Rfd8 20. Bg5 Rd7 21. Bxd5
cxd5 22. h5 gxh5 23. Rd3 e5 24. dxe5 Bxe5 25. Qd1 Bg7 26. Qxh5 Qg6 27. Qh3 f5
28. Bf4 Rc4 29. Qg2 Re4 30. Red1 Rde7 31. Be3 Bh6 32. Kf1 Bxe3 33. Rxe3 Qe6 34.
Qf3 Rxe3 35. fxe3 Qxe3 36. Qxe3 Rxe3 37. Rxd5 1/2-1/2

[Event "Olimpiade 2022 - Open"]
[Site "Chennai"]
[Date "06.08.2022"]
[Round "8.36"]
[Board "2"]
[White "Kawuma, Patrick"]
[Black "Stoyanov, Tsvetan"]
[Result "0-1"]
[WhiteTitle "FM"]
[BlackTitle "IM"]
[WhiteElo "2270"]
[BlackElo "2450"]
[WhiteTeam "Uganda"]
[BlackTeam "Bulgaria"]
[WhiteFideId "10000127"]
[BlackFideId "2917173"]
[EventDate "2022.07.29"]

1. Nf3 d5 2. c4 d4 3. g3 Nc6 4. Bg2 e5 5. d3 Nf6 6. O-O a5 7. Na3 Bc5 8. Nc2 O-O
9. b3 Qe7 10. Bb2 Bf5 11. Nh4 Bd7 12. e3 Bg4 13. Bf3 Bh3 14. Bg2 Bxg2 15. Kxg2
dxe3 16. fxe3 Rfd8 17. Qe2 Nb4 18. Ne1 Qe6 19. a3 Nc6 20. Nc2 Qg4 21. Qd1 Qd7
22. b4 axb4 23. axb4 Rxa1 24. Bxa1 Bxb4 25. d4 Bd6 26. Qf3 b6 27. Nf5 e4 28. Qe2
Ra8 29. g4 Ra2 30. Rf2 Nb4 31. Qd1 Qa4 32. g5 Rxc2 33. Rxc2 Qxc2+ 34. Qxc2 Nxc2
35. gxf6 Nxa1 36. fxg7 Nc2 37. h4 h5 0-1

[Event "Olimpiade 2022 - Open"]
[Site "Chennai"]
[Date "06.08.2022"]
[Round "8.37"]
[Board "1"]
[White "Bagheri, Amir"]
[Black "Kantans, Toms"]
[Result "0-1"]
[WhiteTitle "GM"]
[BlackTitle "GM"]
[WhiteElo "2375"]
[BlackElo "2486"]
[WhiteTeam "Monaco"]
[BlackTeam "Latvia"]
[WhiteFideId "12500283"]
[BlackFideId "11602945"]
[EventDate "2022.07.29"]

1. d4 Nf6 2. Nf3 g6 3. Bg5 Bg7 4. Nbd2 h6 5. Bh4 d6 6. e4 Nh5 7. c3 O-O 8. Bc4
c5 9. d5 f5 10. exf5 Bxf5 11. O-O Nd7 12. a4 Qe8 13. Re1 g5 14. Bg3 Qf7 15. a5
Bh7 16. Ne4 Nxg3 17. hxg3 g4 18. Nfd2 Ne5 19. Qe2 Kh8 20. Rf1 Qh5 21. Rae1 Nxc4
22. Nxc4 Qxd5 23. Ned2 Bd3 24. Qxg4 Qf7 25. f3 Bxf1 26. Kxf1 Rad8 27. Re6 Bf6
28. Qh3 Qg7 29. Ne3 d5 30. Nf5 Qh7 31. f4 Rc8 32. Nxh6 Rc6 33. Rxc6 bxc6 34. Qh5
Bg7 35. Nf7+ Kg8 36. Qxh7+ Kxh7 37. Ng5+ Kg8 38. Ne6 Rb8 39. Nxg7 Kxg7 40. b3
Kf6 41. Ke2 e5 42. Ke3 Rg8 43. fxe5+ Kxe5 44. Kf3 Rb8 45. g4 Rb5 0-1

[Event "Olimpiade 2022 - Open"]
[Site "Chennai"]
[Date "06.08.2022"]
[Round "8.37"]
[Board "2"]
[White "Miezis, Normunds"]
[Black "Dornbusch, Tatiana"]
[Result "1/2-1/2"]
[WhiteTitle "GM"]
[BlackTitle "WGM"]
[WhiteElo "2446"]
[BlackElo "2247"]
[WhiteTeam "Latvia"]
[BlackTeam "Monaco"]
[WhiteFideId "11600136"]
[BlackFideId "14107449"]
[EventDate "2022.07.29"]

1. c4 e5 2. Nc3 Nf6 3. g3 d5 4. cxd5 Nxd5 5. Bg2 Nb6 6. d3 Be7 7. Nf3 Nc6 8. O-O
O-O 9. a3 a5 10. Be3 Be6 11. Ne4 Nd5 12. Bc5 b6 13. Bxe7 Ndxe7 14. Rc1 f6 15.
Qc2 Rc8 16. e3 Qd7 17. Rfd1 Bg4 18. Rd2 Rfd8 19. Nh4 Rf8 20. d4 exd4 21. exd4
Kh8 22. d5 Ne5 23. f4 N5g6 24. Nxg6+ Nxg6 25. Nf2 Bf5 26. Qd1 Ne7 27. Rc4 Bg6
28. Rcd4 Nf5 29. Bh3 Rcd8 30. R4d3 Qe7 31. Re2 Qc5 32. Bg2 Rd7 33. Rc3 Qb5 34.
Rd2 Re7 35. Be4 Rfe8 36. Qf3 Nd6 37. Bd3 Bxd3 38. Qxd3 Qxd3 39. Rdxd3 Re1+ 40.
Kg2 R1e2 41. Kf3 Nb5 42. Rc4 R2e7 43. Re4 Nd6 44. Rxe7 Rxe7 45. Re3 Nf5 46. Rxe7
Nxe7 47. Ke4 Kg8 48. g4 Kf7 49. f5 Nc8 50. h4 Nd6+ 51. Kf4 Nc4 52. Nd3 Ke7 53.
Ke4 Kd6 54. g5 Nd2+ 55. Ke3 Nc4+ 56. Kd4 Nd2 57. Ne1 Nb3+ 58. Kc4 Nd2+ 59. Kd4
Nb3+ 60. Kc4 Nd2+ 61. Kd4 1/2-1/2

[Event "Olimpiade 2022 - Open"]
[Site "Chennai"]
[Date "06.08.2022"]
[Round "8.38"]
[Board "1"]
[White "Hossain, Enamul"]
[Black "Gong, Daniel Hanwen"]
[Result "1/2-1/2"]
[WhiteTitle "GM"]
[BlackTitle "FM"]
[WhiteElo "2377"]
[BlackElo "2296"]
[WhiteTeam "Bangladesh"]
[BlackTeam "New Zealand"]
[WhiteFideId "10200649"]
[BlackFideId "4303962"]
[EventDate "2022.07.29"]

1. e4 c5 2. Nf3 Nc6 3. d4 cxd4 4. Nxd4 g6 5. c4 Nf6 6. Nc3 Nxd4 7. Qxd4 d6 8. f3
Bg7 9. Be3 O-O 10. Qd2 Be6 11. Rc1 Qa5 12. b3 Rfc8 13. Be2 a6 14. Na4 Qxd2+ 15.
Kxd2 Nd7 16. g4 Rcb8 17. Nc3 b5 18. Nd5 Bxd5 19. cxd5 Nc5 20. Rc2 b4 21. Bc4 a5
22. g5 a4 23. Bxc5 dxc5 24. f4 axb3 25. Bxb3 Bc3+ 26. Kd3 Kg7 27. h4 h6 28.
gxh6+ Kxh6 29. h5 g5 30. fxg5+ Kxg5 31. h6 Kg6 32. h7 Kg7 33. Rg2+ Kh8 34. Rg5
Ra6 35. Rf5 Rf6 36. Rxf6 Bxf6 37. Rh5 Bd4 38. e5 f6 39. exf6 Bxf6 40. Kc4 Bd4
41. Rh4 Rc8 42. Kb5 Be5 43. Rh5 Bd6 44. Bc2 Ra8 45. Rg5 Rc8 46. Kb6 c4 47. Kb7
b3 48. axb3 cxb3 49. Be4 Rc7+ 50. Ka6 Rc8 51. Kb6 Bf4 52. Rf5 Bd6 53. Rf7 b2 54.
Bb1 Rb8+ 55. Kc6 Rd8 56. Kb5 Rc8 57. Kb6 Rb8+ 58. Kc6 Rd8 59. Rf5 Kg7 60. Rh5
Bf4 61. Kc5 Kh8 62. Rf5 Bd6+ 63. Kd4 Rc8 64. Rg5 Bf4 65. Rg6 Rf8 66. Re6 Bg5 67.
Rb6 Bf6+ 68. Ke3 Rd8 69. Rb7 Kg7 70. Be4 Kf7 71. Kf4 Bg7 72. Kg5 Bf6+ 73. Kh5
Be5 74. Bg6+ Kf6 75. Rb6+ Kg7 76. Be4 Rb8 77. Rg6+ Kh8 78. Rg1 Bg7 79. Kg6 Rf8
80. Bb1 Rf6+ 81. Kh5 Rf4 82. Re1 Rd4 83. Rxe7 Rxd5+ 84. Kg4 Rd8 85. Rb7 Rf8 86.
Kg5 Bd4 87. Kg6 1/2-1/2

[Event "Olimpiade 2022 - Open"]
[Site "Chennai"]
[Date "06.08.2022"]
[Round "8.38"]
[Board "2"]
[White "Croad, Nicolas"]
[Black "Rahman, Ziaur"]
[Result "1/2-1/2"]
[WhiteTitle "FM"]
[BlackTitle "GM"]
[WhiteElo "2289"]
[BlackElo "2424"]
[WhiteTeam "New Zealand"]
[BlackTeam "Bangladesh"]
[WhiteFideId "4300793"]
[BlackFideId "10200037"]
[EventDate "2022.07.29"]

1. d4 d6 2. Nf3 g6 3. e4 Nf6 4. Bd3 Bg7 5. h3 O-O 6. O-O Nc6 7. c3 e5 8. dxe5
dxe5 9. Qe2 Nh5 10. Rd1 h6 11. Na3 Qe7 12. Nh2 Nf4 13. Bxf4 exf4 14. Nc2 Ne5 15.
Nf3 Nxd3 16. Qxd3 c5 17. Na3 b6 18. e5 Bb7 19. Nc4 Rad8 20. Qe2 Qe6 21. b3 Bd5
22. Re1 b5 23. Ncd2 a6 24. c4 Bc6 25. cxb5 Bxb5 26. Nc4 g5 27. Rac1 Rfe8 28. Qc2
Rd5 29. a4 Bxc4 30. Qxc4 Rb8 31. Rc3 Bf8 32. Qe2 Rbd8 33. Qc2 Kg7 34. Rc4 Rb8
35. Rd1 Rxd1+ 36. Qxd1 Be7 37. Rc3 h5 38. Rd3 Rg8 39. Nd2 g4 40. Nc4 Kf8 41.
hxg4 hxg4 42. Rd7 g3 43. Rb7 Kg7 44. fxg3 Rd8 45. Qf3 Qg6 46. Rxe7 Qb1+ 47. Kf2
Qc2+ 48. Ke1 Qc1+ 49. Kf2 Qc2+ 50. Ke1 Qb1+ 51. Kf2 Qc2+ 1/2-1/2